100 top baby names 2010 Quiz Stats

 Plays Quiz not verified by Sporcle

Support Sporcle.
Go Orange.
Score 0/100 Timer 10:00
0 Plays Today
Name % Correct
John
64.5%
Michael
58.1%
Micha
58.1%
Jacob
54.8%
Emma
54.8%
Emily
51.6%
David
51.6%
Jack
51.6%
Lauren
48.4%
Robert
48.4%
William
48.4%
Olivia
45.2%
Sarah
45.2%
Anna
45.2%
Andrew
41.9%
Brian
41.9%
Jessica
41.9%
Julia
38.7%
Christopher
38.7%
Stephen
38.7%
Madison
38.7%
Taylor
38.7%
Paul
38.7%
Peter
35.5%
Ryan
35.5%
Rachel
35.5%
Jennifer
32.3%
Evan
32.3%
Hannah
32.3%
Adam
32.3%
Kyle
29%
Ashley
29%
Clair
29%
George
29%
Name % Correct
Molly
29%
Sophie
29%
Anthony
29%
Kevin
25.8%
Nicole
25.8%
Dylan
25.8%
Samantha
25.8%
Jason
25.8%
Brandon
25.8%
Joe
22.6%
Alexis
22.6%
Eric
22.6%
Harry
22.6%
Megan
19.4%
Brooke
19.4%
Patrick
19.4%
Lilly
19.4%
Edward
19.4%
Logan
16.1%
Cody
16.1%
Trevor
12.9%
Cameron
12.9%
Abby
12.9%
Susan
12.9%
Amanda
12.9%
Lindsey
12.9%
Christian
12.9%
Tommy
12.9%
Travis
9.7%
Connor
9.7%
Colton
9.7%
Zoey
9.7%
Bailey
9.7%
Hunter
9.7%
Name % Correct
Morgan
9.7%
Allen
9.7%
Kara
9.7%
Spencer
6.5%
Sidney
6.5%
Skyler
6.5%
Billy
6.5%
Drew
6.5%
Haley
6.5%
Robin
6.5%
Kelsey
6.5%
Simon
6.5%
Paula
6.5%
Carley
3.2%
Cassie
3.2%
Chase
3.2%
Riely
3.2%
Allie
3.2%
Christa
3.2%
Carroline
3.2%
Mathew
3.2%
Colby
3.2%
Lora
3.2%
Tracey
3.2%
Loyd
3.2%
Rick
3.2%
Marry
3.2%
Doug
3.2%
Lee
3.2%
Brandy
3.2%
Chelsey
3.2%
Oscar
3.2%

You're not logged in!

Compare scores with friends on all Sporcle quizzes.
OR
Log In

From the Vault

Pick a Potato Dish

by hellofromUK

Might as well face it: you're addicted to spuds.
Remove Ads.
Support Sporcle.
Get the best of Sporcle when you Go Orange. This ad-free experience offers more features, more stats, and more fun while also helping to support Sporcle. Thank you for becoming a member.

Show Comments

Extras

Created Apr 9, 2011ReportNominate
Tags:100, 2010, Baby

Top Quizzes Today


Score Distribution

Your Account Isn't Verified!

In order to create a playlist on Sporcle, you need to verify the email address you used during registration. Go to your Sporcle Settings to finish the process.

Report this User

Report this user for behavior that violates our Community Guidelines.

Details: